Dragula Contestants - Statistics

General Stats
  • This quiz has been taken 89 times
  • The average score is 50 of 74
Answer Stats
Season Contestant % Correct
Season 2 - 7th Dahli
89%
Season 4 - Winner Dahli
89%
Season 1 - 4th Meatball
89%
Season 1 - Winner Vander Von Odd
89%
Season 2 - 4th Abhora
86%
Titans - 7th Abhora
86%
Season 4 - Runner Up Sigourney Beaver
86%
Season 6 - Winner Asia Consent
84%
Season 1 - Runner Up Frankie Doom
84%
Season 2 - Runner Up Victoria Elizabeth Black
84%
Titans - Winner Victoria Elizabeth Black
84%
Season 1 - Runner Up Melissa Befierce
82%
Titans - 6th Melissa Befierce
82%
Season 2 - Winner Biqtch Puddin
79%
Season 6 - Runner Up Grey Matter
79%
Season 3 - Winner Landon Cider
79%
Season 1 - 5th/6th Loris
79%
Season 6 - 9th Majesty
79%
Season 5 - Runner Up Blackberri
77%
Season 2 - 5th Disasterina
77%
Season 3 - Runner Up Dollya Black
77%
Season 3 - 5th Evah Destruction
77%
Titans - 4th Evah Destruction
77%
Season 2 - Runner Up James Majesty
77%
Season 5 - Winner Niohuru X
77%
Season 6 - 5th Pi
77%
Season 4 - Runner Up Saint
77%
Season 3 - 10th St. Lucia
77%
Season 4 - 6th Jade Jolie
75%
Season 3 - 9th Yovska
75%
Titans - 10th Yovska
75%
Season 4 - Runner Up HoSo Terra Toma
74%
Titans - Runner Up HoSo Terra Toma
74%
Season 2 - 6th Erika Klash
72%
Titans - 8th Erika Klash
72%
Season 3 - Runner Up Priscilla Chambers
72%
Season 4 - 5th La Zavaleta
70%
Season 5 - 7th Jay Kay
68%
Season 6 - Runner Up Auntie Heroine
67%
Season 4 - 9th Koco Caine
67%
Titans - Runner Up Koco Caine
67%
Season 5 - Runner Up Throb Zombie
67%
Season 3 - 4th Louisianna Purchase
65%
Season 4 - 10th Astrud Aurelia
61%
Titans - 4th Astrud Aurelia
61%
Season 5 - 6th Cynthia Doll
61%
Season 1 - 8th Ursula Major
61%
Season 1 - 5th/6th Xochi Mochi
61%
Season 4- 8th Merrie Cherry
60%
Season 5 - Runner Up Orkgotik
60%
Season 4 - 7th Bitter Betty
58%
Season 3 - 11th Violencia!
58%
Season 6 - 7th Aurora Gozmic
56%
Season 5 - 5th Fantasia Royale Gaga
56%
Season 6 - 6th Jaharia
56%
Season 2 - 9th Monikkie Shame
56%
Season 1 -9th Pinche Queen
56%
Season 6 - 11th Scylla
56%
Season 2 - 10th Felony Dodger
54%
Season 3 - 8th Maxi Glamour
54%
Season 4 - 11th Formelda Hyde
53%
Season 3 - 6th Maddelynn Hatter
53%
Season 5 - 9th Jarvis Hammer
51%
Season 1 - 7th Foxie Adjuia
49%
Season 2 - 8th Kendra Onixxx
49%
Titans - 9th Kendra Onixxx
49%
Season 6 - 10th Desiree Dik
47%
Season 3 - 7th Hallow Eve
47%
Season 5 - 10th Satanna
47%
Season 5 - 11th Onyx Ondyx
44%
Season 6 - 12th Severity Stone
44%
Season 6 - 8th Vivvi the Force
44%
Season 5 - 8th Anna Phylactic
40%
Season 6 - 4th Yurii
35%
No matching quizzes found
Score Distribution
Percent of People with Each Score
Percentile by Number Answered
Your Score History
You have not taken this quiz